Hal Holbrook Filmography - Statistics

General Stats
  • This quiz has been taken 4 times
    2 since last reset
  • The average score is 5 of 194
Answer Stats
Type Year Name % Correct
Film 2007 Into the Wild
100%
Film 1976 All the President's Men
50%
TV Mini-Series 1974 Carl Sandburg's Lincoln
50%
TV Show 2017 Grey's Anatomy
50%
Film 2012 Lincoln
50%
Film 1973 Magnum Force
50%
TV Mini-Series 1985 North and South
50%
TV Mini-Series 1986 North and South: Book II
50%
Film 1987 Wall Street
50%
Theater 1963 Abe Lincoln in Illinois
0%
TV Film 1970 A Clear and Present Danger
0%
TV Show 1970 Actor's Choice
0%
Theater 1964-1965 After the Fall
0%
TV Film 1990 A Killing in a Small Town
0%
Commercial 1983 Allstate
0%
TV Film 1997 All the Winters That Have Been
0%
Documentary Series 1996 American Experience
0%
TV Documentary 1996 America on Wheels
0%
TV Documentary 1983 America Remembers John F. Kennedy
0%
TV Film 2017 An American Conscience: The Reinhold Neibuhr Story
0%
Theater 1997 An American Daughter
0%
TV Film 1994 A Perry Mason Mystery: The Case of the Grimacing Governor
0%
TV Film 1995 A Perry Mason Mystery: The Case of the Jealous Jokester
0%
TV Film 1994 A Perry Mason Mystery: The Case of the Lethal Lifestyle
0%
TV Film 1999 A Place Apart
0%
Documentary Series 1972 Appointment with Destiny
0%
TV Special 1981 A Salute to Duke
0%
TV Film 1998 Beauty
0%
TV Show 2002 Becker
0%
TV Film 1985 Behind Enemy Lines
0%
Film 2015 Blackway
0%
TV Film 1993 Bonds of Love
0%
TV Show 2017 Bones
0%
Theater 1983 Buried Inside Extra
0%
Film 1978 Capricorn One
0%
TV Film 2009 Captain Cook's Extraordinary Atlas
0%
Film 1997 Cats Don't Dance
0%
TV Mini-Series 1984 Celebrity
0%
TV Documentary 1992 Clint Eastwood on Westerns
0%
TV Documentary 1987 Colossus of the Golden Gate
0%
TV Show 1967 Coronet Blue
0%
Documentary 2003 Country Music: The Spirit of America
0%
Film 1982 Creepshow
0%
Documentary 1991 Curtain of Ice
0%
TV Film 1989 Day One
0%
TV Show 1986-1989 Designing Women
0%
Theater 1969 Does a Tiger Wear a Necktie?
0%
Theater 1961 Do You Know the Milky Way?
0%
TV Mini-Series 1986 Dress Gray
0%
Short TV Documentary 1992 Eastwood & Co.: Making 'Unforgiven'
0%
TV Mini-Series 1988 Emma: Queen of the South
0%
TV Show 2008 ER
0%
TV Show 1990-1994 Evening Shade
0%
Film 1997 Eye of God
0%
TV Show 2000 Family Law
0%
Commercial 2006 Fisher Investments
0%
Film 1989 Fletch Lives
0%
Film 2010 Flying Lessons
0%
TV Documentary 2002 Founding Brothers
0%
Documentary Mini-Series 2000 Founding Fathers
0%
TV Mini-Series 1984 George Washington
0%
Film 1982 Girls Nite Out
0%
TV Film 1971 Goodbye, Raggedy Ann
0%
Film 2011 Good Day for It
0%
TV Show 2003 Good Morning, Miami
0%
TV Special 1975 Grand Ole Opry 50th Anniversary
0%
TV Show 1974-1977 Great Performances
0%
TV Special 1967 Hal Holbrook: Mark Twain Tonight!
0%
TV Film 2001 Haven
0%
TV Show 2017 Hawaii Five-0
0%
Film 1997 Hercules
0%
Documentary 2014 Holbrook/Twain: An American Odyssey
0%
TV Show 2005 Hope & Faith
0%
Theater 1992 Hotel Oubliette
0%
Film 1998 Hush
0%
Short Film 1984 I Am Joe's Skin
0%
TV Film 1988 I'll Be Home for Christmas
0%
Theater 1964-1965 Incident at Vichy
0%
Theater 1968 I Never Sang for My Father
0%
TV Film 1996 Innocent Victims
0%
Documentary 2009 Inventing L.A.: The Chandlers and Their Times
0%
TV Documentary 1973 Jane Goodall and the World of Animal Behavior: The Wild Dogs of Africa
0%
Film 1973 Jonathan Livingston Seagull
0%
Film 1998 Judas Kiss
0%
Film 1977 Julia
0%
Film 2008 Killshot
0%
Theater 1990 King Lear
0%
TV Documentary 1997 Lewis & Clark: The Journey of the Corps of Discovery
0%
TV Documentary 1999 Lost in Middle America (and What Happened Next)
0%
Theater 1968-1971 Man of La Mancha
0%
Theater 1964 Marco Millions
0%
Theater 1967-2017 Mark Twain Tonight!
0%
Film 2000 Men of Honor
0%
Film 1976 Midway
0%
TV Show 2013 Monday Mornings
0%
TV Show 1955 Mr. Citizen
0%
TV Film 1979 Murder by Natural Causes
0%
TV Film 1998 My Own Country
0%
Documentary Series 1976, 1985 National Geographic Specials
0%
Film 1979 Natural Enemies
0%
TV Show 2006 NCIS
0%
Documentary Series 1993, 1997 NOVA
0%
TV Film 1980 Off the Minnesota Strip
0%
TV Show 1968 Off to See the Wizard
0%
TV Show 1980 Omnibus
0%
TV Film 1997 Operation Delta Force
0%
Short Documentary 2003 Our Country
0%
TV Film 1977 Our Town
0%
Theater 1987-1988 Our Town
0%
Short Documentary 2006 Out of the Shadows: The Man Who Was Deep Throat
0%
Film 2014 Planes: Fire & Rescue
0%
TV Film 1987 Plaza Suite
0%
Documentary Series 1983-1988 Portrait of America
0%
TV Show 1966 Preview Tonight
0%
Film 2012 Promised Land
0%
TV Film 1973 Pueblo
0%
Film 2002 Purpose
0%
TV Show 2013 Rectify
0%
Commercial 2004 Restore America
0%
Film 1977 Rituals
0%
Film 1998 Rusty: A Dog's Tale
0%
TV Documentary 1996 Sailing the World Alone
0%
Film 2013 Savannah
0%
Documentary 2002 Seventh Day
0%
Film 2003 Shade
0%
TV Film 1995 She Stood Alone: The Talihook Scandal
0%
Documentary 2007 Silent Wings: The American Glider Pilots of World War II
0%
TV Show 2010, 2014 Sons of Anarchy
0%
TV Film 1989 Sorry, Wrong Number
0%
Short Documentary 1995 Stormchasers
0%
TV Film 1971 Suddenly Single
0%
Theater 1965 Tartuffe
0%
TV Film 1978 Tartuffe
0%
Short Documentary 2006 Telling the Truth About Lies: The Making of 'All the President's Men'
0%
TV Film 1972 That Certain Summer
0%
Film 2009 That Evening Sun
0%
Theater 1967 The Apple Tree
0%
TV Mini-Series 1978 The Awakening Land
0%
Film 1999 The Bachelor
0%
TV Documentary 1996 The Battle of the Alamo
0%
TV Show 1970-1971 The Bold Ones: The Senator
0%
TV Show 1954-1959 The Brighter Day
0%
Film 1968 The Brotherhood
0%
Theater 1984 The Country Girl
0%
Theater 1971 The Creation of the World and Other Business
0%
TV Film 2005 The Cultivated Life: Thomas Jefferson and Wine
0%
TV Show 1956, 1963, 1966 The Ed Sullivan Show
0%
TV Show 2010-2011 The Event
0%
TV Documentary 2008 The Fabulous Fox
0%
TV Show 1969 The F.B.I.
0%
Film 1993 The Firm
0%
Film 1999 The Florentine
0%
Film 1980 The Fog
0%
TV Mini-Series 1988 The Fortunate Pilgrim
0%
Film 1974 The Girl from Petrovka
0%
Theater 1965 The Glass Menagerie
0%
TV Film 1966 The Glass Menagerie
0%
Film 1970 The Great White Hope
0%
Film 1966 The Group
0%
Film 1980 The Kidnapping of the President
0%
TV Film 1981 The Killing of Randy Webster
0%
TV Film 1979 The Legend of the Golden Gun
0%
Short Film 2001 The Legend of the Three Trees
0%
Film 2000 The Life & Adventures of Santa Claus
0%
TV Show 1970 The Magical World of Disney
0%
Film 2001 The Majestic
0%
Documentary Mini-Series 1998 The Mighty Mississippi
0%
TV Show 1969 The Name of the Game
0%
TV Pilot 1976 The Oath: 33 Hours in the Life of God
0%
TV Show 2000 The Outer Limits
0%
Commercial 1998 The Real Yellow Pages
0%
Short TV Documentary 1991 The Secrets of Dick Smith
0%
TV Show 2006 The Sopranos
0%
Film 1983 The Star Chamber
0%
TV Film 2003 The Street Lawyer
0%
TV Film 1997 The Third Twin
0%
TV Film 1984 The Three Wishes of Billy Grier
0%
TV Film 1976 The Time of Your Life
0%
Film 1988 The Unholy
0%
Documentary Series 1981 The Warlords
0%
TV Show 2001, 2002 The West Wing
0%
TV Film 1969 The Whole World Is Watching
0%
Documentary Series 1975, 1976 The World About Us
0%
Film 1972 They Only Kill Their Masters
0%
TV Documentary 1997 Trail of Hope: The Story of the Mormon Trail
0%
TV Film 1971 Travis Logan, D.A.
0%
TV Film 1986 Under Siege
0%
Film 2000 Waking the Dead
0%
Film 1998 Walking to the Waterline
0%
Film 2011 Water for Elephants
0%
TV Film 1979 When Hell Was in Session
0%
Film 1968 Wild in the Streets
0%
Short Documentary 2006 Woodward and Bernstein: Lighting the Fire
0%
Commercial 2001 Zephyrhills Spring Water
0%
No matching quizzes found
Score Distribution
Percent of People with Each Score
Percentile by Number Answered
Your Score History
You have not taken this quiz since the last reset